[Event "41st Nezhmetdinov Rapid 2019"]
[Site "Kazan"]
[Date "2019.05.29"]
[Round "6.6"]
[White "Sarana, Alexey"]
[Black "Anikonov, Dmitry"]
[Result "1/2-1/2"]
[WhiteElo "2636"]
[BlackElo "2372"]
[Annotator "TA"]
[PlyCount "120"]
[EventDate "2019.05.29"]
[EventType "swiss"]
[EventCountry "RUS"]
[SourceTitle "playchess.com"]
[Source "ChessBase"]
[SourceQuality "1"]

{[%evp 14,120,71,70,89,50,50,37,70,49,43,35,40,33,34,25,44,61,39,0,0,0,0,0,0,0,0,-8,0,0,0,0,0,-92,-70,-177,-185,-312,-237,-224,-232,-234,-229,-219,-230,-229,-219,-233,-214,-275,-289,-284,-202,-194,-100,-113,-107,-124,-147,-144,-132,-129,-140,-227,-222,-243,-242,-393,-201,-341,-233,-301,-140,-140,-88,-88,-88,-88,-88,-88,-88,-88,-88,-88,-88,-88,-88,-88,-88,-88,-57,-62,-57,-57,-61,-62,-62,-64,-64,-64,-64,-64,-61,-62,-32,-34,-32,-64,-20]} 1. d4 g6 2. c4 Bg7 3. Nc3 d6 4. e4 Nc6 5. Be3 e5 6. d5 Nd4 7. Nge2 Nxe2 8. Bxe2 h5 {A42: Modern Defence: Averbakh Variation} (8... f5 9. f3 Nf6 10. O-O O-O 11. c5 Nh5 12. cxd6 cxd6 13. Rc1 Nf4 14. Kh1 a6 15. Na4 Nxe2 16. Qxe2 Bd7 {½-½ (38) Jobava,B (2627)-Nepomniachtchi,I (2763) St Petersburg 2018}) 9. f3 $146 ({Predecessor:} 9. Qd2 Nh6 10. h3 f5 11. g3 Nf7 12. O-O-O Qe7 13. h4 Bd7 14. f3 Bh6 15. Kb1 b6 16. Ka1 Bxe3 17. Qxe3 {0-1 (41) Harika,D (2521)-Ju,W (2559) Sharjah 2014}) 9... Bh6 10. Bf2 f5 {White is slightly better.} 11. c5 Nf6 12. Qa4+ Kf7 13. cxd6 cxd6 14. Qb4 a6 15. O-O Kg7 16. Rfd1 Qe7 17. Bd3 fxe4 18. Nxe4 Nxe4 19. Bxe4 Bf5 20. Rd3 Bxe4 21. Qxe4 Rac8 22. Rb3 b5 23. Rb4 (23. Qd3 $11) 23... Qc7 24. a4 (24. Rb3 $15) 24... Bd2 $19 25. Be1 (25. h3 $142 Bxb4 26. Qxb4) 25... Qc5+ 26. Kf1 Qxb4 27. Qxb4 Bxb4 28. Bxb4 {[%mdl 4096] Endgame KRR-KRB} Rhd8 29. axb5 axb5 30. Ra6 Rc1+ 31. Ke2 Rc2+ 32. Kd3 Rxb2 33. Bxd6 Rxg2 (33... Re8 $1 $19 34. g3 Rxh2) 34. Bxe5+ $17 Kf7 35. Ra7+ Ke8 36. d6 Rd7 37. Ra8+ Kf7 38. Rb8 (38. Ke4 $17) 38... Ke6 $19 39. Rxb5 Ra7 40. Bg3 $2 {[#]} (40. f4 {keeps fighting.}) 40... Ra3+ (40... h4 $142 $1 {[%mdl 512]} 41. Bf4 (41. Bxh4 Ra3+) 41... Ra3+ 42. Kd4 Rxf3) 41. Ke4 (41. Kd4 $142) 41... Ra4+ 42. Ke3 {[#]} Rga2 (42... h4 $1 $19 {[%cal Rh4g3] is more deadly.} 43. Re5+ Kxd6) 43. Re5+ $17 {[#]} Kxd6 (43... Kf6 $142 $1 {...R4a3+ is the strong threat.} 44. Re8 R2a3+ 45. Kf2 Ra2+ 46. Ke3 R2a3+ 47. Kf2 Ra7 48. Rf8+ Ke6 49. Re8+ Kf5 50. Rf8+ Ke6 51. Re8+ Kf5 52. Rf8+ Ke6) 44. Rxh5+ Ke6 45. Re5+ Kf6 46. Rd5 R2a3+ 47. Kf2 Rb3 48. Rd6+ Kf7 {Threatens to win with ...Ra2+.} 49. Be5 Ra5 50. Bd4 Rf5 51. Be3 Rb2+ 52. Kg3 {Black is slightly better.} Re2 53. Bd2 Re6 54. Rd3 Ree5 55. Ra3 Rd5 56. Be3 Ra5 57. Rc3 Rae5 58. h4 Re7 59. Bg5 Rd7 60. Kg4 Rd4+ {Accuracy: White = 61%, Black = 56%.} 1/2-1/2

[Event "41st Nezhmetdinov Rapid 2019"]
[Site "Kazan"]
[Date "2019.05.29"]
[Round "6.7"]
[White "Korovin, Mikhail"]
[Black "Yudin, Sergei"]
[Result "1/2-1/2"]
[WhiteElo "2311"]
[BlackElo "2507"]
[Annotator "TA"]
[PlyCount "190"]
[EventDate "2019.05.29"]
[EventType "swiss"]
[EventCountry "RUS"]
[SourceTitle "playchess.com"]
[Source "ChessBase"]
[SourceQuality "1"]

{[%evp 10,190,29,6,31,31,30,17,12,12,55,44,49,44,60,17,10,12,10,15,4,11,17,18,61,9,56,0,0,0,0,0,51,47,58,53,50,10,4,11,20,0,0,0,10,6,7,18,25,15,22,38,95,59,82,50,92,0,50,43,61,9,66,41,43,38,139,-6,-16,-164,-149,-151,-143,-284,-223,-241,-234,-249,-242,-237,-236,-219,-73,-164,-166,-170,-116,-113,-70,-69,-69,-181,-169,-131,-108,-108,-90,-89,-45,-40,-60,-65,0,-51,0,0,0,0,0,0,0,0,0,0,0,0,0,0,0,0,0,-8,0,0,8,-28,0,0,0,0,0,0,0,-220,0,-8,0,0,0,0,0,0,0,0,0,0,0,0,0,0,0,0,8,8,7,0,8,8,8,8,8,8,8,8,8,8,8,8,8,8,8,8,8,8,8,0,0,0,0,0,0,0,0]} 1. d4 d5 2. Nf3 c6 3. c4 e6 4. Qc2 dxc4 5. Qxc4 Nf6 6. Bg5 b5 {D30: Queen's Gambit Declined: Systems without Nc3} 7. Qc2 Bb7 8. e3 Nbd7 9. Nbd2 Qb6 10. a4 Bb4 11. Bd3 h6 12. Bh4 $146 (12. Bxf6 $5 gxf6 13. O-O $11) ({Predecessor:} 12. Bxf6 Nxf6 13. O-O Nd7 14. Nb3 bxa4 15. Rxa4 {½-½ (35) Bu,X (2607)-Tregubov,P (2629) Moscow 2005}) 12... O-O 13. O-O Rfc8 14. Rfc1 c5 15. Bxb5 {Black must now prevent Nc4.} cxd4 16. Nc4 Qd8 17. Qb3 (17. Nxd4 $14 a6 18. Bxd7 Qxd7 19. b3) 17... Be7 (17... Nc5 $5 {[%cal Rc5b3]} 18. Qxb4 Nd3 $11) 18. Bxd7 ({Weaker is} 18. Nxd4 Nc5 $17) ({White should play} 18. exd4 $14 g5 19. Bg3) 18... Qxd7 $11 19. Nce5 Rxc1+ 20. Rxc1 Rc8 (20... Bd5 $11) 21. Rc4 $1 $14 Rxc4 22. Qxc4 Qd6 23. exd4 Qb6 $132 {[%mdl 2048] Black is fighting back} 24. Qb5 Qc7 25. Bxf6 (25. h3 {is interesting.} Qc1+ 26. Kh2 Qc8 27. Qc4 Qb8 28. Kg1) 25... gxf6 26. Nd3 Bc6 27. Qc4 {Black should prevent Nde5!} Qb7 28. Nfe1 Qd7 29. b3 Bd5 30. Qc3 Bd6 (30... Qb7 $14) 31. Nc5 Qc7 32. h3 $1 a5 33. Qe3 (33. Nc2 $16) 33... Bh2+ 34. Kf1 Bf4 35. Qd3 (35. Qc3 $14) 35... Kg7 (35... Bd6 $11) 36. Nc2 Qc6 37. f3 (37. g3 $5 {[%cal Rg3f4]} Bg2+ 38. Ke1 $11) 37... Kh8 (37... Qd6 $14) 38. Ne3 (38. b4 $16) 38... Bxf3 $1 $11 39. g4 (39. Kf2 $11 Bd5 40. Nxd5 Qxd5 41. Qe4) 39... Bh1 40. Qe2 Qd6 41. Nc2 (41. Qd3 $17 {was forced.}) 41... Bc6 42. Qf2 {[#]} Kg7 $1 43. Ne3 Bg3 44. Nc4 Qb8 ({Much less strong is} 44... Bxf2 45. Nxd6 Bxd4 46. Nd3) 45. Qe3 {intending Na6.} Bf4 (45... Bh4 $19 {And now ...Qh2 would win.} 46. Nxa5 Bd5) 46. Qf2 (46. Na6 $17 {was worth a try.} Qb7 47. Nc5 (47. Qxf4 Qxb3 48. Nxa5 Qxa4 $17) 47... Bg2+ 48. Ke2) 46... Bc7 47. Qe3 {[#]} Qd8 (47... Bd5 $1 $19 48. Na6 Bxc4+ 49. bxc4 Qb1+ 50. Kf2 Bh2) 48. Na6 $17 Bd5 49. Nxc7 Qxc7 50. Qc3 (50. Ke1 $1 $15) 50... Qh2 $19 51. Ke1 Qg2 52. Ne3 Qh1+ 53. Kd2 Bf3 54. Qxa5 Qh2+ 55. Kc3 Qxh3 (55... Qf2 $1 $15 56. Nc4 Bd1) 56. Qc5 ({White should try} 56. Kb2 $11) 56... Bd5 ({Better is} 56... Bxg4 $15 57. d5 exd5) 57. Kd2 $11 Qh2+ 58. Kd3 Bf3 59. Qc1 h5 60. gxh5 $1 Bxh5 61. Kc3 f5 62. Nc4 f4 63. a5 Qg3+ 64. Kb4 f3 {Hoping for ...f2.} 65. a6 {Threatens to win with a7.} f2 {aiming for ...Qg1.} 66. a7 $1 {[%cal Ra7a8]} Bf3 67. Nd2 Qf4 68. Qc3 Bd5 69. Nf1 Qd6+ 70. Qc5 Qa6 71. Nd2 $2 (71. Qc7 $1 $11 {and White is okay.}) 71... Qb7+ $2 (71... Kg6 $19 72. Qc7 Qd3 {[%mdl 64] Double Attack}) 72. Kc3 {The position is equal.} f1=Q 73. Nxf1 {Strongly threatening Nd2.} Qxb3+ 74. Kd2 Qa2+ 75. Ke1 Qb1+ 76. Kf2 Qe4 77. Nd2 Qg2+ 78. Ke1 Kg6 79. Qa3 Qg1+ 80. Ke2 Qxd4 81. a8=Q {Qg8+ would kill now.} Qg4+ 82. Ke3 {Intending Qg8+ and mate.} Qg3+ 83. Kd4 Qf2+ 84. Kc3 {Qg8+ is the strong threat.} Qf6+ 85. Kc2 Qf5+ 86. Kc1 {White wants to mate with Qg3+.} Bxa8 87. Qxa8 Qc5+ 88. Kd1 f5 89. Qg8+ Kf6 90. Qh8+ Kg6 91. Nf3 Qe3 92. Ne5+ Kg5 93. Qg7+ Kf4 94. Qh6+ Ke4 95. Qxe3+ Kxe3 {Accuracy: White = 52%, Black = 40%.} 1/2-1/2

[Event "41st Nezhmetdinov Rapid 2019"]
[Site "Kazan"]
[Date "2019.05.29"]
[Round "6.8"]
[White "Shariyazdanov, Andrey"]
[Black "Rozum, Ivan"]
[Result "0-1"]
[WhiteElo "2526"]
[BlackElo "2568"]
[Annotator "TA"]
[PlyCount "88"]
[EventDate "2019.05.29"]
[EventType "swiss"]
[EventCountry "RUS"]
[SourceTitle "playchess.com"]
[Source "ChessBase"]
[SourceQuality "1"]

{[%evp 9,88,14,19,2,8,-7,0,-25,-20,-45,-38,-31,-39,-65,-58,-70,-67,-72,-66,-100,-37,-47,-42,-63,-24,-34,-27,-34,-40,-39,-41,-57,-57,-80,-68,-81,-85,-71,-80,-83,-90,-74,-68,-108,-108,-108,-108,-108,-108,-112,-112,-236,-214,-198,-139,-135,-103,-110,-104,-146,-86,-97,-81,-57,-66,-266,-266,-403,-399,-1050,-699,-712,-693,-678,-679,-710,-687,-1367,-1337,-2258,-2003]} 1. b3 e5 2. Bb2 Nc6 3. e3 g6 4. Nf3 Bg7 5. c4 d6 6. d4 {A01: Nimzowitsch-Larsen Opening} e4 (6... exd4 7. Nxd4 Nxd4 8. Bxd4 Nf6 9. Be2 O-O 10. O-O Re8 11. Bf3 c6 {1-0 (55) Fedoseev,V (2707)-Vitiugov,N (2730) Satka 2018}) 7. Ng1 Nf6 8. Be2 $146 {The position is equal.} ({Predecessor:} 8. Nc3 O-O 9. Be2 h5 10. h3 Re8 11. a3 Qd7 12. Qd2 Qf5 13. Bd1 {0-1 (54) Walti,R (2300)-Znamenacek,K (2340) Prague 1991}) 8... O-O 9. h4 h5 10. Nc3 Ne7 11. Qc2 d5 12. Ba3 c6 13. cxd5 cxd5 14. Nb5 Ne8 ({Black should try} 14... Bd7 $17 {White must now prevent ...Bxb5.} 15. Qd2 Bxb5 16. Bxb5 Rc8) 15. Rc1 Bf5 16. Qd2 Bf6 (16... a6 $5 {[%cal Ra6b5]} 17. Nc3 Nf6 $15) 17. g3 a6 18. Nc3 Ng7 19. Kf1 Ne6 20. Kg2 b5 21. Nh3 Qd7 22. Nf4 Nxf4+ 23. exf4 Rfc8 24. Nd1 Rxc1 25. Bxc1 Bg4 26. Bb2 Bxe2 27. Qxe2 Nf5 28. Ne3 Rc8 29. Nxf5 Qxf5 30. a4 (30. Rc1 $17) 30... bxa4 $19 31. bxa4 Rc4 ({Better is} 31... Qg4 $19 32. Qd1 Qxd1 33. Rxd1 Rc2) 32. Rc1 $17 Rxa4 33. Rc6 a5 ({Weaker is} 33... Bxd4 34. Qd1 $16) 34. Qc2 {[#]} Rb4 (34... Rc4 $142 $1 {[%cal Rc4c2][%mdl 512]} 35. Rxc4 dxc4 36. Qxc4 Qg4) 35. Ba3 Rb8 ({Stronger than} 35... Rxd4 {[#]} 36. Rxf6 $1 {[%mdl 512]} Qxf6 37. Qc3 $16) ({Reject} 35... Bxd4 $6 36. Bxb4 axb4 37. Rc7 $11) 36. Bd6 Ra8 37. Rc7 $2 (37. Qb2 $15) 37... Bxd4 $19 38. Qc6 (38. Qa4 $142 Bg7 39. Qc6) 38... Rd8 {Hoping for ...Qg4!} 39. Rb7 $2 (39. Bc5 e3 40. Bxd4 Qe4+ {[%mdl 64] Double Attack} 41. Kh2 Qxd4 42. fxe3 Qd2+ 43. Kh3) 39... Qe6 {Black is clearly winning.} 40. Qa4 e3 {aiming for ...e2.} 41. Qxd4 {Bc7 is the strong threat.} e2 (41... Qxd6 $2 42. fxe3 Qc6 43. Qb6 $19) 42. Rb1 {Strongly threatening Bc7.} Qxd6 43. Re1 Re8 44. f3 Qb4 {Accuracy: White = 30%, Black = 76%.} 0-1

[Event "41st Nezhmetdinov Rapid 2019"]
[Site "Kazan"]
[Date "2019.05.29"]
[Round "6.9"]
[White "Pridorozhni, Aleksei"]
[Black "Smirnov, Timofey"]
[Result "1-0"]
[WhiteElo "2588"]
[BlackElo "2354"]
[Annotator "TA"]
[PlyCount "77"]
[EventDate "2019.05.29"]
[EventType "swiss"]
[EventCountry "RUS"]
[SourceTitle "playchess.com"]
[Source "ChessBase"]
[SourceQuality "1"]

{[%evp 13,77,31,65,47,47,53,57,49,60,52,137,137,117,121,136,136,150,139,137,130,159,155,156,156,158,164,160,163,158,161,199,189,213,169,214,225,293,200,218,221,227,222,230,209,266,243,283,273,269,279,270,270,277,262,352,352,352,351,489,477,752,737,737,729,707,681]} 1. e4 e5 2. f4 d5 3. exd5 e4 4. d3 Qxd5 5. Nc3 Bb4 6. Bd2 Bxc3 7. Bxc3 Nf6 8. Bxf6 {C32: Falkbeer Counter Gambit: 3 exd5 e4 4 d3 Nf6} gxf6 9. dxe4 Qxe4+ {[%mdl 64] [#] Double Attack} 10. Qe2 {White is slightly better.} Bf5 (10... Qxe2+ 11. Bxe2 Nc6 12. Nf3 Bd7 13. Kf2 O-O-O 14. Rhd1 Be6 15. a3 Bf5 {1-0 (44) Burovic,I (2313)-Pisarevic,G (2204) Jahorina 2018}) 11. O-O-O O-O ({Better is} 11... Nd7 $14) 12. Qxe4 $16 Bxe4 13. Ne2 Re8 $146 ({Predecessor:} 13... Bc6 14. Nd4 Be4 15. Bd3 Bxd3 16. Rxd3 {1-0 (43) Bidigaray,M (1652)-Mentges,A (1766) Nova Petropolis 2015}) 14. Ng3 f5 15. Bd3 Nc6 16. Nxf5 Bxf5 17. Bxf5 Re2 18. g3 Rae8 19. Bg4 Rf2 20. Rdf1 Rxf1+ 21. Rxf1 $18 {[%mdl 4096] Endgame KRB-KRN} Re7 22. Rd1 b6 23. b3 Nb4 24. a3 Na6 25. b4 c5 26. Bc8 Nc7 27. bxc5 bxc5 28. a4 Re2 29. f5 Kg7 30. Rd7 Ne8 31. Rxa7 Nd6 32. Be6 Kf6 33. Bd5 Rxh2 34. a5 {[%cal Ba4a5,Ba5a6,Ba6a7][%mdl 32]} Ke5 35. Bxf7 Nxf5 36. a6 {White is clearly winning.} Nd4 (36... Rh1+ $142 37. Kb2 Rh6) 37. Re7+ Kd6 38. a7 {[#] Hoping for Rb7.} Kxe7 39. Bd5 {Accuracy: White = 97%, Black = 44%.} ({Weaker is} 39. a8=Q Rxc2+ 40. Kd1 Kxf7 $11) 1-0

[Event "41st Nezhmetdinov Rapid 2019"]
[Site "Kazan"]
[Date "2019.05.29"]
[Round "6.10"]
[White "Tsoi, Dmitry"]
[Black "Potapov, Pavel"]
[Result "0-1"]
[WhiteElo "2317"]
[BlackElo "2492"]
[Annotator "TA"]
[PlyCount "90"]
[EventDate "2019.05.29"]
[EventType "swiss"]
[EventCountry "RUS"]
[SourceTitle "playchess.com"]
[Source "ChessBase"]
[SourceQuality "1"]

{[%evp 10,90,1,6,26,-20,-5,-35,17,-5,2,0,0,-79,-64,-52,-60,-54,-59,-72,-31,-33,-24,-33,-25,-39,-5,-130,-142,-135,-136,-145,-126,-142,-120,-133,-131,-264,-256,-240,-246,-300,-281,-414,-335,-343,-61,-61,-46,-44,-39,-36,-17,-25,0,0,0,0,0,0,245,203,201,198,233,265,200,191,489,454,756,747,654,713,661,621,2236,1779,29985,29986,29981,-29998,-29999]} 1. f4 c5 2. Nf3 Nc6 3. g3 d5 4. Bg2 Nf6 5. O-O e6 6. d3 b5 {A03: Bird's Opening with 1...d5} (6... Be7 7. Qe1 O-O 8. e4 b6 9. e5 Nd7 10. c4 Bb7 11. Nc3 d4 12. Ne4 Qc7 13. Bd2 a6 14. h4 Rae8 15. h5 {1-0 (35) Muzychuk,A (2569)-Shuvalova,P (2441) St Petersburg 2018}) 7. Ne5 $146 ({Predecessor:} 7. e4 Be7 8. e5 Nd7 9. a4 b4 10. c4 bxc3 11. bxc3 O-O 12. Na3 a6 13. Nc2 f6 14. d4 cxd4 15. Ncxd4 Nxd4 16. Nxd4 fxe5 17. Nxe6 {1-0 (24) Morales Araujo,F (2116)-Garcia Fernandez,M (1828) Sevilla 2017}) 7... Bb7 8. c4 Qb6 (8... Be7 $15) 9. Nc3 dxc4 10. dxc4 Rd8 11. Bd2 (11. Bxc6+ $1 $11 {remains equal.} Bxc6 12. Qc2) 11... Nxe5 12. fxe5 Bxg2 13. Kxg2 Ng4 $1 {[%cal Rg4e5]} 14. cxb5 Ne3+ 15. Bxe3 Rxd1 16. Raxd1 Be7 17. Rf4 Bg5 18. Rd6 (18. Rf3 $11 Bxe3 19. Rxe3) 18... Qb7+ $17 19. Kg1 Bxf4 20. gxf4 O-O 21. Bxc5 f6 22. Ra6 Ra8 23. f5 (23. Bd4 $17 {is a better defense.}) 23... exf5 $19 24. e6 f4 25. b4 {[#]} f3 $1 {[%cal Rf3e2] Hoping for ...fxe2.} 26. e4 (26. e7 $142 Kf7 27. a4 {[%mdl 64] Decoy}) 26... Re8 27. a4 Rxe6 $2 (27... Qb8 $19 28. Rd6 Rd8 29. Rxd8+ Qxd8) 28. Rxe6 $15 Qd7 $1 {[%cal Rd7e6]} 29. Rd6 Qg4+ 30. Kf2 Qg2+ 31. Ke1 Qh1+ 32. Kd2 Qxh2+ 33. Ke3 f2 34. Ke2 {Strongly threatening Rd3.} Qg3 $2 (34... Qh3 $11 {and Black stays safe.} 35. Rd8+ (35. Kxf2 Qxc3 36. Rd8+ Kf7 $11) 35... Kf7 36. Kxf2 Qxc3 37. Rd7+ {[%mdl 64] Double Attack} Kg6 38. Rxa7 Qd2+ 39. Kf3 Qd3+ 40. Kf2 h5) 35. Nd1 Qg4+ 36. Kxf2 {aiming for Rd8+.} Qxe4 37. Ne3 h5 38. Rd4 Qe5 $2 (38... Qh1 {might work better.} 39. Bxa7 h4 40. Rd8+ Kh7) 39. a5 $18 f5 (39... Qh2+ $142 40. Ng2 Qc7) 40. b6 axb6 41. axb6 f4 42. Ng2 g5 43. b7 Kf7 44. Ba7 f3 45. b8=Q $4 {[%mdl 8192]} (45. Kxf3 {is the narrow road to win.} Kf6 46. b8=Q Qf5+ {[#]} 47. Nf4 $1 {[%mdl 512]} Qg4+ 48. Kf2 Qh4+ 49. Kg2 Qg4+ 50. Kh2) 45... Qe2+ 0-1

[Event "41st Nezhmetdinov Rapid 2019"]
[Site "Kazan"]
[Date "2019.05.30"]
[Round "8.1"]
[White "Morozevich, Alexander"]
[Black "Nozdrachev, Vladislav"]
[Result "1-0"]
[WhiteElo "2656"]
[BlackElo "2489"]
[Annotator "TA"]
[PlyCount "127"]
[EventDate "2019.05.29"]
[EventType "swiss"]
[EventCountry "RUS"]
[SourceTitle "playchess.com"]
[Source "ChessBase"]
[SourceQuality "1"]

{[%evp 17,127,36,43,27,36,27,35,27,31,29,34,32,26,22,25,14,55,55,70,69,60,31,23,22,26,28,39,35,41,21,34,30,20,0,30,33,30,30,69,46,43,39,33,32,35,42,69,0,0,0,26,0,0,0,56,66,78,69,61,62,59,0,0,-97,31,34,48,37,58,22,191,191,166,134,135,128,149,152,657,645,645,645,1104,1104,1104,1068,1104,1104,1096,1006,29948,977,29962,963,963,952,952,937,937,912,897,658,29964,890,29967,29968,29968,29969,29959,29957,12840,6625]} 1. e4 e5 2. Nf3 Nc6 3. Bb5 a6 4. Ba4 d6 5. c3 Bd7 6. d4 g6 7. O-O Bg7 8. Re1 Nge7 9. d5 Nb8 {[%cal Bc6b8,Bb8d7,Bd7f6][%mdl 32]} 10. c4 {C76: Ruy Lopez: Deferred Steinitz: 5 c3 Bd7 6 d4 g6} O-O 11. Nc3 Bxa4 12. Nxa4 {White is slightly better.} Nd7 13. b4 h6 14. Rb1 f5 15. Nc3 Nf6 16. Nd2 {[#]} fxe4 $146 ({Predecessor:} 16... c6 17. Bb2 cxd5 18. exd5 Rc8 {0-1 (40) Bryant,J (2461)-Li,R (2585) Philadelphia 2018}) 17. Ndxe4 Nf5 18. Nxf6+ Qxf6 19. Ne4 Qf7 20. Be3 b5 21. c5 dxc5 22. Bxc5 Rfd8 23. Nc3 e4 24. Nxe4 Rxd5 25. Qf3 Rad8 26. Qa3 Ra8 27. Rbc1 Nd6 28. Nxd6 (28. Bxd6 $5 cxd6 29. Rc6 $14) 28... cxd6 29. Be3 Re5 30. Red1 d5 31. h3 Re4 32. Rc6 (32. Qd3 $1 $14) 32... d4 $11 {aiming for ...Qe8.} 33. Bd2 Re2 34. Qg3 g5 35. Rc7 {[%cal Bc6c7,Bc7f7,Bf7f5][%mdl 32]} Be5 (35... Qf5 $11) 36. Rxf7 $14 Bxg3 37. Rf5 $1 Be5 38. Kf1 $1 $36 {[%cal Rf1e2][%mdl 2048] White is more active.} d3 $1 39. Be3 ({White should try} 39. a3 $14) 39... Bc3 $11 40. g4 (40. a3 $11 {remains equal.}) 40... Rxa2 ({Much weaker is} 40... Bxb4 $6 41. Rxd3 Rxa2 42. Rf6 $11) (40... Rd8 $1 $17 41. a3 Ra2) 41. Rxd3 $14 Bxb4 42. Rf6 Be7 43. Rxh6 b4 $2 (43... Rd8 $1 $11 {and Black stays safe.} 44. Rc3 Rd7) 44. Rd7 $18 Re8 45. Bd4 Rd2 46. Rxa6 b3 {...b2 is the strong threat.} 47. Rb6 Rxd4 $2 (47... Rd1+ $16 48. Kg2 Rd3) 48. Rxd4 $16 {[%mdl 4096] Endgame KRR-KRB} Bc5 49. Rdb4 $1 Rf8 50. Rb8 Bxb4 51. Rxb4 $18 {KR-KR} Kg7 52. Rxb3 Rf4 53. Kg2 Rf7 {[#]} 54. Kg3 (54. h4 $142 $1 gxh4 55. Rf3 Rd7 56. Kh3 Kg6 57. Rf5 Re7 58. Kxh4 Re1 59. f4) 54... Kg6 55. Rb6+ (55. f3 $142 Rf6 56. h4 Kh6 57. hxg5+ Kxg5 {[#]} 58. f4+ $1 {[%mdl 512]} Kg6 59. Rb7 Rd6 60. Kh4) 55... Kg7 56. f3 Rf8 57. Rb3 Rh8 58. Rb2 Kg6 59. Rh2 Rh4 60. f4 Rh8 61. f5+ Kf6 62. h4 gxh4+ 63. Rxh4 Rg8 64. Kf4 {Accuracy: White = 62%, Black = 40%.} 1-0

[Event "41st Nezhmetdinov Rapid 2019"]
[Site "Kazan"]
[Date "2019.05.30"]
[Round "8.2"]
[White "Pridorozhni, Aleksei"]
[Black "Rozum, Ivan"]
[Result "1/2-1/2"]
[WhiteElo "2588"]
[BlackElo "2568"]
[Annotator "TA"]
[PlyCount "69"]
[EventDate "2019.05.29"]
[EventType "swiss"]
[EventCountry "RUS"]
[SourceTitle "playchess.com"]
[Source "ChessBase"]
[SourceQuality "1"]

{[%evp 21,69,1,9,-4,-9,-8,0,0,0,0,0,0,0,0,0,-7,8,0,0,-9,-7,-16,0,-23,-17,-24,-26,-31,-29,-22,-21,-28,0,-24,-31,-35,-20,-12,0,-5,0,0,0,0,0,0,0,-9,0,-22]} 1. c4 Nf6 2. Nc3 c5 3. g3 e6 4. Nf3 b6 5. Bg2 Bb7 6. O-O Be7 7. b3 O-O 8. Bb2 d5 9. cxd5 Nxd5 10. Nxd5 Bxd5 11. Qc2 Nd7 12. Rad1 {A14: English Opening: 1...e6 with b3 by White} Rc8 13. Qb1 {[#]} Rc7 $146 ({Predecessor:} 13... Nf6 14. Ng5 h6 15. Bxd5 exd5 16. Nf3 Qd7 17. Nh4 Ne4 18. Ng2 Bf6 19. f3 Bxb2 20. Qxb2 {½-½ (57) Larsen,B (2615)-Savon,V (2540) Ljubljana/Portoroz 1977}) 14. e4 Bb7 15. d4 cxd4 16. Nxd4 a6 17. Nf3 Qa8 18. Ne5 Nf6 {[%cal Rb7e4]} 19. Rfe1 b5 20. h3 Rfc8 21. Re2 h6 22. Ng4 Nxg4 23. hxg4 Rd8 24. Red2 Rxd2 25. Rxd2 Qc8 26. Qd3 Bc6 27. Qd4 {[%csl Gb2][%cal Rd4g7] [#]} (27. Rc2 {looks sharper.} f6 28. Rxc6 Rxc6 29. e5 Rc2 30. exf6 Rxb2 31. fxe7 Qe8 32. Qd8) 27... Bf6 28. Qb6 {White wants to play Bxf6.} Bxb2 29. Rxb2 {The position is equal.} Qb7 30. Qe3 b4 31. Rd2 Rd7 32. Rxd7 Qxd7 33. Qc5 Qb7 34. Qd4 Qb5 35. e5 {Accuracy: White = 44%, Black = 58%.} 1/2-1/2

[Event "41st Nezhmetdinov Rapid 2019"]
[Site "Kazan"]
[Date "2019.05.30"]
[Round "8.3"]
[White "Vallejo Pons, Francisco"]
[Black "Golubov, Saveliy"]
[Result "1-0"]
[WhiteElo "2688"]
[BlackElo "2460"]
[Annotator "TA"]
[PlyCount "65"]
[EventDate "2019.05.29"]
[EventType "swiss"]
[EventCountry "RUS"]
[SourceTitle "playchess.com"]
[Source "ChessBase"]
[SourceQuality "1"]

{[%evp 13,79,45,52,37,42,32,56,50,67,57,67,42,65,65,56,54,71,52,113,100,111,66,71,52,72,43,54,54,54,56,314,311,306,165,362,366,446,429,420,342,399,381,490,485,551,431,549,537,751,479,1004,531,1004,984,806,683,681,640,629,624,609,575,734,604,608,562,538,520]} 1. d4 Nf6 2. c4 g6 3. Bg5 Bg7 4. Nc3 O-O 5. e4 d6 6. Qd2 c5 7. d5 e6 8. Nge2 {E70: King's Indian: Miscellaneous lines with 4 e4, including 5 Nge2 and 5 Bd3 0-0 6 Nge2} (8. Bd3 exd5 9. cxd5 a6 10. a4 Qa5 11. Nge2 b5 12. O-O b4 13. Nd1 c4 14. Bb1 Nbd7 15. Bh6 Nc5 16. Bxg7 Kxg7 {0-1 (42) Andreikin,D (2712)-Morozevich,A (2656) Cheliabinsk 2018}) 8... exd5 9. Nxd5 Be6 10. Nec3 {White is slightly better.} Bxd5 $146 ({Predecessor:} 10... Nc6 11. Bd3 Re8 12. O-O Ne5 13. Be2 Bxd5 14. cxd5 a6 15. a4 Qe7 {1-0 (31) Stryjecki,M (2438)-Ciruk,J (2240) Dos Hermanas 2003}) 11. Nxd5 Re8 12. Bd3 Nbd7 13. O-O Qc8 14. Nc3 Ne5 15. f4 Nc6 (15... Nxd3 $14 16. Qxd3 Nd7) 16. Rae1 h6 17. Bxf6 Bxf6 18. e5 dxe5 19. Nd5 $36 {[%mdl 2048] White is more active.} Bg7 20. f5 e4 21. Bxe4 Ne5 $2 {[%mdl 8192]} ({Better is} 21... gxf5 $1 $14 22. Bxf5 Rxe1 23. Qxe1 Qe8) 22. fxg6 $18 fxg6 {[#]} 23. Qc2 (23. Nf6+ $142 $1 Kh8 24. Nxe8 Qxe8 25. Bxb7) 23... g5 $2 (23... Re6 24. Nf4 {[%mdl 64] Double Attack} Rd6 25. Bxg6 (25. Nxg6 Nxg6 26. Bxg6 Qd7 $16) 25... Nxg6) 24. Bg6 Qg4 {Strongly threatening ...Nf3+!} 25. Bxe8 Rxe8 26. Qe4 Qd7 27. Kh1 Qd6 28. b3 {White is clearly winning.} Kh8 29. h3 Rd8 30. Rf5 Nc6 31. Ref1 Ne5 (31... Qg6 $142 32. Ne7 {[%mdl 64] Discovered Attack} Nxe7) 32. Qe2 b5 {[#]} 33. Nf6 {Played: Rf5-f6} 1-0